000 00338nam a22001217a 4500
999 _c2657
_d2657
005 20200922125401.0
008 200922b ||||| |||| 00| 0 eng d
020 _a0673102211
040 _cCML
245 _aCounterpoint in Literature.
_cDaniel, E.
260 _aEngland
_bScott, Foresman an Company
_c1963
942 _2ddc
_cBK
_hREF/DAN